Cereal crops

Salvato in:
Dettagli Bibliografici
Autore principale: Leonard, Warren H (Autore)
Altri autori: Martin, John Holmes (autor)
Natura: Libro
Lingua:spagnolo
Pubblicazione: Nueva York The Macmillan 1963
Soggetti:
Tags: Aggiungi Tag
Nessun Tag, puoi essere il primo ad aggiungerne!!

MARC

LEADER 00000nam a2200000 a 4500
001 UCR5491
003 CL-VaPUC
005 20241218103051.0
008 980327e19630000US |||||||||||||||||spa|d
999 |c 268080  |d 268078 
040 |c Pontificia Universidad Católica de Valparaíso 
082 0 4 |a 633.25  |b LEO  |2 21 
100 0 |a Leonard, Warren H  |e author  |9 406452 
245 1 0 |a Cereal crops 
260 |a Nueva York  |b The Macmillan  |c 1963 
300 |a 824 p 
583 |a last modification  |c 19980327 00:00:00  |k Rodrigo Vera 
650 0 |a Cereales  |9 264300 
650 0 |a Producción   |9 263680 
650 0 |a Maíz  |9 264672 
650 0 |a Trigo  |9 329002 
650 0 |a Arroz   |9 364842 
650 0 |a Cultivo  |9 264268 
700 |a Martin, John Holmes  |e autor  |9 862992 
942 |c BK  |2 ddc 
945 |d 19980327 00:00:00  |a rleighto